000 02776cam a2200385 i 4500
001 768714001
003 CO-MdFUSB
005 20230331062547.0
007 ta
008 000209t2000 enk b 001 0 eng
020 _a0521567688
040 _aDLC
_beng
_cCO-MdFUSB
_dUKM
_dC#P
_dOBE
_dOrLoB-B
_erda
041 _aeng
042 _apcc
082 _223
_a241.64957
_bC595
100 1 _aClark, Stephen R. L.
_eautor
245 1 0 _aBiology and Christian ethics /
_cStephen R.L. Clark.
264 1 _aCambridge, U.K. ;
_aNew York :
_bCambridge University Press,
_c[2000]
264 1 _c© 2000
300 _a332 páginas ;
_c22 cm.
336 _atexto
_btxt
_2rdacontent.
337 _asin mediación
_bn
_2rdamedia.
338 _avolumen
_bnc
_2rdacarrier.
490 1 _aNew studies in Christian ethics ;
504 _aIncluye referencias bibliográficas e índice.
505 _aEl desarrollo de la teoría darwiniana -- Supuestos morales y metafísicos -- Tratar de vivir en la naturaleza -- La biología del pecado -- Las identidades humanas -- Las metas del bien -- El fin de la humanidad -- El pacto con todas las criaturas vivientes -- Conclusión: cosmos y más allá.
520 1 _a "Este libro plantea una investigación profunda de algunas de las cuestiones más apremiantes de nuestra era, al examinar la relación entre la ciencia biológica y el cristianismo. La historia del descubrimiento biológico se explora desde el punto de vista de un destacado filósofo y especialista en ética". "¿Qué efecto deberían tener la teoría y la práctica biológicas modernas en la comprensión cristiana de la ética? ¿Cuánto de esa teoría y práctica deben respaldar los cristianos? ¿Pueden los cristianos, por ejemplo, estar de acuerdo en que los cambios biológicos no se rigen por valores trascendentes, o que no existen límites claros o esenciales entre las especies? ¿Hasta qué punto puede la 'Naturaleza' establecer nuestros estándares? Stephen RL Clark da una mirada razonada a la teoría biológica desde Darwin y argumenta que una filosofía cristiana ortodoxa es más capaz de acomodar la verdad de tal teoría que el tipo de interpretación progresiva y mejorista de la doctrina cristiana que generalmente se ha ofrecido como la verdadera "La opción moderna". "Tanto el cristianismo ortodoxo como la teoría biológica sensata pueden estar de acuerdo en que somos pecadores, que cada individuo es un fin en sí mismo, y que los verdaderos valores a los que debemos dirigirnos trascienden las necesidades de supervivencia".
563 _aRústico
650 7 _aÉtica cristiana
_2
_9185
650 0 _aBiología
_915
830 0 _aNew studies in Christian ethics ;
_v17.
942 _cBK
945 _aJTF-925
999 _c67674
_d67674